000 01060cam a22003497a 4500
003 CHAP
005 20220817041654.0
008 971013s1993 r 00010 d
010 _a21205
011 _a22177
035 _a26270
040 _cCHAP
082 _a634.9
_bF3 v.113
110 1 _aFAO
245 1 0 _aEx situ storage of seeds, pollen and in vitro cultures of perennial woody plant species
260 _aRome :
_bFAO,
_c1993
300 _a83 p.
490 0 _aFAO. Montes
_v; 113
590 _aBATCH-UPD
_b10
_c20130110
_lUCH01
_h0838
590 _aBATCH-UPD
_b10
_c20130410
_lUCH01
_h0517
590 _aBATCH-UPD
_b10
_c20130914
_lUCH01
_h1115
590 _aCONVERSION
_b10
_c20130109
_lUCH01
_h1313
650 1 4 _aCultivo de tejidos.
_930213
650 1 4 _aPlantas leƱosas.
_989018
650 1 4 _aPolen.
_990208
650 1 4 _aSemillas
_xAlmacenamiento.
_9103875
700 0 _aWang, Ben S. P.
_9121006
830 0 _aFAO. Montes
_v; 113
_939632
901 _aBK
942 _cLIBRO
949 _a634.9 F3 v.113
_bBC
_cFAO
_d-60690
_eFAO1
_h87119
_i26270
_si
999 _c21205
_d21205